Revista Romana de Sociologie

Detalles Bibliográficos
Formato: Revista
Lenguaje:rumano
Publicado: Bucuresti : Institutul de Sociologie al Academiei Romane, 1990-
Materias:
Acceso en línea:http://www.vlex.com/source/7245

MARC

LEADER 00000nas a22000007a 4500
005 20130322105306.0
007 cr|||| ||||
008 130322c19909999rm tr|p s|||| 0|||b1rum d
022 |a 12249262  
035 |a 7245 
040 |a vLex 
090 |c 3991  |d 3991 
245 0 0 |a Revista Romana de Sociologie  |h [Recurso electrn̤ico] 
256 |a Servicio en ln̕ea 
260 |a Bucuresti :  |b Institutul de Sociologie al Academiei Romane,   |c 1990- 
300 |a 1 Recurso electrn̤ico 
506 |d vLex Global  |d vLex Global (Academic Edition, excluding Law Schools)  |d vLex Global (U.S. Academic Edition, Law Schools)  |d vLex Global (U.S. Academic Edition, excluding Law Schools)  |d vLex Global (Academic Edition, Law Schools) 
650 0 4 |a Sociologa̕  |v Revistas  |z Rumana̕ 
740 |a vLex Revistas (Servicio en ln̕ea) 
856 |a Acceso restringido  |u http://www.vlex.com/source/7245 
942 |c REV 
999 0 |a Sociology